| 000 | 005050000a22001810004500 | ||
|---|---|---|---|
| 003 | MACL | ||
| 005 | 20160413131158.0 | ||
| 008 | 160413b xxu||||| |||| 00| 0 eng d | ||
| 040 |
_aMACL _cMACL |
||
| 041 | _aHindi | ||
| 082 | _a510 | ||
| 100 |
_aशर्मा एम. के _952165 |
||
| 245 | _aगणित शिक्षण | ||
| 260 |
_aजयपुर _bकल्पना पब्लिकेशन _c2012 |
||
| 350 | _a450 | ||
| 650 |
_aगणित _952166 |
||
| 942 |
_cHIN _k510 _2ddc |
||
| 999 |
_c47876 _d47876 |
||